000 00529nmm a2200157Ia 4500
008 251105s9999||||xx |||||||||||||||||und||
020 _a9788431535803
041 _aspa
100 _aEquipo de expertos Osiris, Equipo de expertos Osiris
245 0 _aEl libro del mal de ojo y de los hechizos
264 _a[Madrid, España] :
_bDe Vecchi,
_c[Fecha de publicación no identificada]
300 _a0 páginas
650 _aMind, body and spirituality
856 _uhttps://public.digitaliapublishing.com/a/123176
942 _cCF
999 _c81419
_d81419